[Event "Russian Championship (Blitz, Men)"]
[Site "Sochi"]
[Date "2018.10.07"]
[Round "11.11"]
[White "Demchenko, Anton"]
[Black "Sarana, Alexey"]
[Result "1/2-1/2"]
[BlackElo "2532"]
[WhiteElo "2646"]
[LiveChessVersion "1.4.8"]

1. e4 {[%clk 0:03:03]} c5 {[%clk 0:03:04]} 2. Nf3 {[%clk 0:03:04]} d6
{[%clk 0:03:05]} 3. d4 {[%clk 0:03:05]} cxd4 {[%clk 0:03:06]} 4. Qxd4
{[%clk 0:03:06]} Nc6 {[%clk 0:03:08]} 5. Qe3 {[%clk 0:03:07]} Nf6
{[%clk 0:03:08]} 6. Be2 {[%clk 0:03:08]} g6 {[%clk 0:03:09]} 7. O-O
{[%clk 0:03:08]} Bg7 {[%clk 0:03:10]} 8. h3 {[%clk 0:03:10]} O-O {[%clk 0:03:11]}
9. Rd1 {[%clk 0:03:11]} Nd7 {[%clk 0:03:11]} 10. Nc3 {[%clk 0:03:10]} b6
{[%clk 0:03:08]} 11. b3 {[%clk 0:03:08]} Bb7 {[%clk 0:03:08]} 12. Bb2
{[%clk 0:03:09]} Rc8 {[%clk 0:03:09]} 13. a3 {[%clk 0:03:02]} Nc5
{[%clk 0:02:49]} 14. Rab1 {[%clk 0:03:00]} Ne5 {[%clk 0:02:42]} 15. Nd4
{[%clk 0:02:36]} a6 {[%clk 0:02:36]} 16. f4 {[%clk 0:02:27]} Ned7
{[%clk 0:02:36]} 17. b4 {[%clk 0:02:09]} Ne6 {[%clk 0:02:36]} 18. Nxe6
{[%clk 0:02:10]} fxe6 {[%clk 0:02:37]} 19. Bg4 {[%clk 0:02:07]} e5
{[%clk 0:02:29]} 20. Be6+ {[%clk 0:02:05]} Kh8 {[%clk 0:02:31]} 21. f5
{[%clk 0:02:06]} gxf5 {[%clk 0:02:23]} 22. exf5 {[%clk 0:01:30]} Nf6
{[%clk 0:02:24]} 23. g4 {[%clk 0:01:12]} Qc7 {[%clk 0:02:07]} 24. Rd2
{[%clk 0:01:10]} Qc6 {[%clk 0:01:45]} 25. Kh2 {[%clk 0:01:08]} Rc7
{[%clk 0:01:30]} 26. g5 {[%clk 0:00:56]} Nh5 {[%clk 0:01:20]} 27. Nd5
{[%clk 0:00:58]} Qc4 {[%clk 0:00:53]} 28. Nxc7 {[%clk 0:00:52]} Qxc7
{[%clk 0:00:54]} 29. Rf1 {[%clk 0:00:53]} Bc8 {[%clk 0:00:48]} 30. Bxc8
{[%clk 0:00:35]} Qxc8 {[%clk 0:00:49]} 31. Qe4 {[%clk 0:00:35]} b5
{[%clk 0:00:44]} 32. Rdf2 {[%clk 0:00:29]} Qc7 {[%clk 0:00:27]} 33. Qg4
{[%clk 0:00:27]} Nf4 {[%clk 0:00:27]} 34. Rxf4 {[%clk 0:00:27]} exf4
{[%clk 0:00:28]} 35. Bxg7+ Kxg7 {[%clk 0:00:29]} 36. Rf2 {[%clk 0:00:23]} d5
{[%clk 0:00:26]} 37. Qxf4 {[%clk 0:00:20]} Qxf4+ {[%clk 0:00:26]} 38. Rxf4
{[%clk 0:00:22]} Rc8 {[%clk 0:00:28]} 39. Rf2 {[%clk 0:00:22]} Rc3
{[%clk 0:00:29]} 40. h4 {[%clk 0:00:13]} Rxa3 41. h5 Re3 {[%clk 0:00:25]} 42. Kg2
{[%clk 0:00:13]} h6 {[%clk 0:00:20]} 43. f6+ {[%clk 0:00:10]} exf6
{[%clk 0:00:21]} 44. Rxf6 {[%clk 0:00:11]} hxg5 {[%clk 0:00:20]} 45. Rxa6
{[%clk 0:00:12]} Rc3 {[%clk 0:00:18]} 46. Rg6+ {[%clk 0:00:12]} Kh7 47. Rxg5
Rxc2+ {[%clk 0:00:20]} 48. Kf3 {[%clk 0:00:15]} Rc4 {[%clk 0:00:21]} 49. Ke4
1/2-1/2

[Event "Russian Championship (Blitz, Men)"]
[Site "Sochi"]
[Date "2018.10.07"]
[Round "12.3"]
[White "Sjugirov, Sanan"]
[Black "Triapishko, Alexandr"]
[Result "1-0"]
[BlackElo "2560"]
[WhiteElo "2711"]
[LiveChessVersion "1.4.8"]

1. e4 {[%clk 0:03:03]} c6 {[%clk 0:02:59]} 2. d4 {[%clk 0:03:04]} d5
{[%clk 0:03:00]} 3. Nc3 {[%clk 0:03:03]} dxe4 {[%clk 0:03:01]} 4. Nxe4
{[%clk 0:03:05]} Bf5 {[%clk 0:03:02]} 5. Ng3 {[%clk 0:03:06]} Bg6
{[%clk 0:03:04]} 6. Nf3 {[%clk 0:03:07]} e6 {[%clk 0:03:03]} 7. Bd3
{[%clk 0:03:08]} Nf6 {[%clk 0:02:52]} 8. O-O {[%clk 0:03:07]} Nbd7
{[%clk 0:02:52]} 9. c4 {[%clk 0:02:57]} Bd6 {[%clk 0:02:47]} 10. Bg5
{[%clk 0:02:55]} Bxd3 {[%clk 0:02:35]} 11. Qxd3 {[%clk 0:02:56]} O-O
{[%clk 0:02:25]} 12. Rad1 {[%clk 0:02:53]} Qa5 {[%clk 0:02:20]} 13. a3
{[%clk 0:02:52]} b5 {[%clk 0:02:14]} 14. c5 {[%clk 0:02:51]} Bc7 {[%clk 0:01:57]}
15. Rfe1 {[%clk 0:02:39]} Qa4 {[%clk 0:01:55]} 16. b3 {[%clk 0:02:30]} Qa6
{[%clk 0:01:41]} 17. Ne4 {[%clk 0:02:16]} Nxe4 {[%clk 0:01:28]} 18. Qxe4
{[%clk 0:02:16]} h6 {[%clk 0:01:19]} 19. Bc1 {[%clk 0:02:05]} Nf6
{[%clk 0:00:43]} 20. Qh4 {[%clk 0:02:06]} Nh7 {[%clk 0:00:34]} 21. Bxh6
{[%clk 0:01:46]} gxh6 {[%clk 0:00:07]} 22. Qxh6 {[%clk 0:01:47]} Bd8
{[%clk 0:00:08]} 23. Re5 {[%clk 0:01:46]} f6 {[%clk 0:00:06]} 24. Rxe6
{[%clk 0:01:35]} Qb7 {[%clk 0:00:06]} 25. Rde1 {[%clk 0:01:29]} Qg7
{[%clk 0:00:03]} 26. Qxg7+ {[%clk 0:01:25]} Kxg7 {[%clk 0:00:05]} 27. Rxc6
{[%clk 0:01:26]} Kf7 {[%clk 0:00:05]} 28. d5 {[%clk 0:01:24]} Re8
{[%clk 0:00:04]} 29. Rxe8 {[%clk 0:01:23]} Kxe8 {[%clk 0:00:06]} 30. Re6+
{[%clk 0:01:21]} Kf7 {[%clk 0:00:06]} 31. Nd4 {[%clk 0:01:18]} Nf8
{[%clk 0:00:05]} 32. Re3 {[%clk 0:01:17]} Nd7 {[%clk 0:00:04]} 33. c6 Bb6 34. Rh3
{[%clk 0:00:56]} Ne5 {[%clk 0:00:06]} 35. Nxb5 {[%clk 0:00:54]} Ng4
{[%clk 0:00:05]} 36. Nd6+ {[%clk 0:00:51]} Kg6 {[%clk 0:00:04]} 37. Kf1
{[%clk 0:00:43]} Rd8 {[%clk 0:00:04]} 38. Rg3 {[%clk 0:00:37]} f5
{[%clk 0:00:04]} 39. Nc4 {[%clk 0:00:19]} Bxf2 {[%clk 0:00:05]} 40. Rd3
{[%clk 0:00:18]} Bc5 {[%clk 0:00:04]} 41. c7 {[%clk 0:00:16]} Re8
{[%clk 0:00:05]} 42. Rg3 {[%clk 0:00:06]} Kf6 {[%clk 0:00:05]} 43. Rh3
{[%clk 0:00:06]} Bf2 {[%clk 0:00:05]} 44. g3 {[%clk 0:00:06]} Re1+
{[%clk 0:00:05]} 45. Kg2 {[%clk 0:00:07]} Re8 {[%clk 0:00:05]} 46. Nd6
{[%clk 0:00:08]} Rf8 {[%clk 0:00:04]} 47. c8=Q {[%clk 0:00:08]} Rxc8
{[%clk 0:00:05]} 48. Nxc8 {[%clk 0:00:09]} Bc5 {[%clk 0:00:05]} 49. d6
{[%clk 0:00:09]} Ke6 {[%clk 0:00:05]} 50. Rh7 {[%clk 0:00:09]} Ne3+
{[%clk 0:00:05]} 51. Kf3 {[%clk 0:00:10]} Nc2 {[%clk 0:00:06]} 52. d7
{[%clk 0:00:10]} Kd5 53. Ke4+ 1-0

[Event "Russian Championship (Blitz, Men)"]
[Site "Sochi"]
[Date "2018.10.07"]
[Round "12.6"]
[White "Ponkratov, Pavel"]
[Black "Vastrukhin, Oleg"]
[Result "1-0"]
[BlackElo "2535"]
[WhiteElo "2647"]
[LiveChessVersion "1.4.8"]

1. e4 {[%clk 0:03:02]} e6 {[%clk 0:03:02]} 2. d4 {[%clk 0:03:03]} d5
{[%clk 0:03:03]} 3. exd5 {[%clk 0:03:02]} exd5 {[%clk 0:03:04]} 4. Nf3
{[%clk 0:03:03]} Nc6 {[%clk 0:03:05]} 5. c3 {[%clk 0:03:01]} Bd6 {[%clk 0:03:05]}
6. Bd3 {[%clk 0:03:02]} Nge7 {[%clk 0:03:06]} 7. h3 {[%clk 0:02:59]} Bf5
{[%clk 0:02:57]} 8. O-O {[%clk 0:02:50]} O-O {[%clk 0:02:58]} 9. Bxf5
{[%clk 0:02:38]} Nxf5 {[%clk 0:02:58]} 10. Qb3 {[%clk 0:02:39]} Rb8
{[%clk 0:02:44]} 11. Bg5 {[%clk 0:02:30]} Qd7 {[%clk 0:02:40]} 12. Na3
{[%clk 0:02:23]} Bxa3 {[%clk 0:02:36]} 13. Qxa3 {[%clk 0:02:23]} Nd6
{[%clk 0:02:32]} 14. Bf4 {[%clk 0:02:17]} Ne4 {[%clk 0:02:26]} 15. Ne5
{[%clk 0:02:11]} Nxe5 {[%clk 0:02:24]} 16. dxe5 {[%clk 0:02:12]} Qf5
{[%clk 0:02:15]} 17. Bh2 {[%clk 0:02:07]} a6 {[%clk 0:02:13]} 18. Rad1
{[%clk 0:02:07]} c6 {[%clk 0:02:01]} 19. f3 {[%clk 0:02:02]} Ng5 {[%clk 0:01:58]}
20. Qa4 {[%clk 0:01:57]} Rbe8 {[%clk 0:01:46]} 21. Qb4 {[%clk 0:01:50]} b5
{[%clk 0:01:17]} 22. Qg4 {[%clk 0:01:40]} Qxg4 {[%clk 0:01:16]} 23. hxg4
{[%clk 0:01:41]} f6 {[%clk 0:01:13]} 24. Rfe1 {[%clk 0:01:40]} Kf7
{[%clk 0:01:09]} 25. exf6 {[%clk 0:01:34]} gxf6 {[%clk 0:00:59]} 26. Kf2
{[%clk 0:01:34]} Ne6 {[%clk 0:00:49]} 27. Bd6 {[%clk 0:01:34]} Rh8
{[%clk 0:00:48]} 28. Rh1 {[%clk 0:01:34]} Rd8 {[%clk 0:00:48]} 29. Bg3
{[%clk 0:01:31]} c5 {[%clk 0:00:43]} 30. Rh6 {[%clk 0:01:25]} Kg7
{[%clk 0:00:39]} 31. Rh5 {[%clk 0:01:25]} d4 {[%clk 0:00:38]} 32. cxd4
{[%clk 0:01:22]} cxd4 {[%clk 0:00:38]} 33. Ke2 {[%clk 0:01:19]} Rd7
{[%clk 0:00:34]} 34. Kd2 {[%clk 0:01:19]} Rc8 {[%clk 0:00:33]} 35. Re1
{[%clk 0:01:20]} Rc6 {[%clk 0:00:33]} 36. Reh1 {[%clk 0:01:15]} Kg8
{[%clk 0:00:34]} 37. Rh6 {[%clk 0:01:05]} d3 {[%clk 0:00:21]} 38. Rc1
{[%clk 0:00:59]} Rxc1 {[%clk 0:00:21]} 39. Kxc1 {[%clk 0:01:00]} Kg7
{[%clk 0:00:13]} 40. Rh5 {[%clk 0:00:56]} Kg6 {[%clk 0:00:10]} 41. Kd2
{[%clk 0:00:57]} Rd8 {[%clk 0:00:03]} 42. Rh1 {[%clk 0:00:57]} Rd7
{[%clk 0:00:04]} 43. Re1 Nc5 44. Re3 {[%clk 0:00:52]} a5 {[%clk 0:00:04]} 45. Re8
{[%clk 0:00:46]} b4 {[%clk 0:00:05]} 46. Bf2 {[%clk 0:00:44]} Na4
{[%clk 0:00:06]} 47. b3 {[%clk 0:00:39]} Nc3 {[%clk 0:00:07]} 48. Re1
{[%clk 0:00:34]} Nxa2 {[%clk 0:00:08]} 49. Re3 {[%clk 0:00:30]} Rd5
{[%clk 0:00:04]} 50. Rxd3 {[%clk 0:00:29]} Re5 {[%clk 0:00:04]} 51. Bd4
{[%clk 0:00:24]} Re6 {[%clk 0:00:03]} 52. Bb2 {[%clk 0:00:24]} Rc6
{[%clk 0:00:04]} 53. f4 Rb6 {[%clk 0:00:03]} 54. Rd5 {[%clk 0:00:21]} Ra6
{[%clk 0:00:04]} 55. g5 {[%clk 0:00:21]} fxg5 {[%clk 0:00:04]} 56. Rxg5+
{[%clk 0:00:22]} Kf7 {[%clk 0:00:04]} 57. Rg7+ {[%clk 0:00:23]} Ke6
{[%clk 0:00:06]} 58. Rxh7 {[%clk 0:00:24]} Kf5 {[%clk 0:00:07]} 59. Rf7+
{[%clk 0:00:24]} Kg4 {[%clk 0:00:08]} 60. Ke3 {[%clk 0:00:24]} a4
{[%clk 0:00:04]} 61. Rg7+ {[%clk 0:00:25]} Kh5 {[%clk 0:00:04]} 62. bxa4
{[%clk 0:00:23]} Rxa4 {[%clk 0:00:05]} 63. g4+ {[%clk 0:00:21]} Kh4
{[%clk 0:00:06]} 64. g5 {[%clk 0:00:22]} Nc3 {[%clk 0:00:04]} 65. Kf3
{[%clk 0:00:19]} Kh5 {[%clk 0:00:00]} 66. Ke4 1-0

[Event "Russian Championship (Blitz, Men)"]
[Site "Sochi"]
[Date "2018.10.07"]
[Round "12.26"]
[White "Dilmukhametov, Artur"]
[Black "Khanin, Semen"]
[Result "1-0"]
[BlackElo "2545"]
[WhiteElo "2375"]
[LiveChessVersion "1.4.8"]

1. d4 {[%clk 0:03:02]} Nf6 {[%clk 0:03:03]} 2. Nc3 {[%clk 0:03:03]} d5
{[%clk 0:03:03]} 3. Bf4 {[%clk 0:03:03]} e6 {[%clk 0:03:00]} 4. e3
{[%clk 0:03:03]} a6 {[%clk 0:03:00]} 5. g4 {[%clk 0:02:59]} c5 {[%clk 0:02:57]}
6. g5 {[%clk 0:02:53]} Nfd7 {[%clk 0:02:57]} 7. Qd2 {[%clk 0:02:49]} Nc6
{[%clk 0:02:58]} 8. Nf3 {[%clk 0:02:43]} b5 {[%clk 0:02:58]} 9. h4
{[%clk 0:02:26]} Nb6 {[%clk 0:02:36]} 10. dxc5 {[%clk 0:01:36]} Bxc5
{[%clk 0:02:36]} 11. Ne5 {[%clk 0:01:28]} Bb7 {[%clk 0:02:29]} 12. Bd3
{[%clk 0:01:19]} Nc4 {[%clk 0:01:57]} 13. Bxc4 {[%clk 0:01:17]} dxc4
{[%clk 0:01:53]} 14. Qxd8+ {[%clk 0:00:44]} Rxd8 {[%clk 0:01:54]} 15. Rg1
{[%clk 0:00:37]} O-O {[%clk 0:01:31]} 16. Ke2 {[%clk 0:00:35]} Nxe5
{[%clk 0:01:15]} 17. Bxe5 {[%clk 0:00:36]} b4 {[%clk 0:01:16]} 18. Na4
{[%clk 0:00:27]} Ba7 {[%clk 0:01:16]} 19. a3 {[%clk 0:00:25]} Rd5
{[%clk 0:01:00]} 20. Bc7 {[%clk 0:00:25]} b3 {[%clk 0:00:48]} 21. Rac1
{[%clk 0:00:20]} Bc6 {[%clk 0:00:44]} 22. cxb3 {[%clk 0:00:20]} Rd7
{[%clk 0:00:32]} 23. Ba5 {[%clk 0:00:17]} Bb5 {[%clk 0:00:31]} 24. Nc3
{[%clk 0:00:18]} cxb3+ {[%clk 0:00:31]} 25. Nxb5 {[%clk 0:00:19]} axb5
{[%clk 0:00:32]} 26. Rc3 {[%clk 0:00:20]} Rd5 {[%clk 0:00:16]} 27. Rxb3
{[%clk 0:00:20]} Rc8 {[%clk 0:00:16]} 28. Rc3 {[%clk 0:00:20]} Rxc3
{[%clk 0:00:15]} 29. Bxc3 {[%clk 0:00:21]} Kf8 {[%clk 0:00:12]} 30. Rd1
{[%clk 0:00:20]} Rxd1 {[%clk 0:00:11]} 31. Kxd1 {[%clk 0:00:22]} g6
{[%clk 0:00:10]} 32. Kc2 {[%clk 0:00:11]} Ke7 {[%clk 0:00:11]} 33. Be5
{[%clk 0:00:08]} Kd7 {[%clk 0:00:12]} 34. Kc3 Kc6 35. Kd3 {[%clk 0:00:08]} Bc5
{[%clk 0:00:10]} 36. Bd4 {[%clk 0:00:07]} Bd6 {[%clk 0:00:11]} 37. f4
{[%clk 0:00:09]} Kd5 {[%clk 0:00:10]} 38. e4+ {[%clk 0:00:08]} Kc6
{[%clk 0:00:11]} 39. Be3 {[%clk 0:00:09]} Bc7 {[%clk 0:00:11]} 40. Bc1
{[%clk 0:00:09]} Bb6 {[%clk 0:00:12]} 41. Be3 {[%clk 0:00:10]} Ba5
{[%clk 0:00:13]} 42. b3 {[%clk 0:00:11]} Be1 {[%clk 0:00:13]} 43. Ke2
{[%clk 0:00:08]} Bxh4 {[%clk 0:00:08]} 44. Bf2 {[%clk 0:00:09]} Bxf2
{[%clk 0:00:08]} 45. Kxf2 {[%clk 0:00:10]} e5 {[%clk 0:00:03]} 46. fxe5
{[%clk 0:00:10]} Kd7 {[%clk 0:00:04]} 47. Ke3 {[%clk 0:00:10]} Kc7
{[%clk 0:00:04]} 48. Kd4 {[%clk 0:00:10]} Kc6 {[%clk 0:00:05]} 49. a4
{[%clk 0:00:11]} Kd5+ 1-0

[Event "Russian Championship (Blitz, Men)"]
[Site "Sochi"]
[Date "2018.10.07"]
[Round "13.16"]
[White "Tsoi, Dmitry"]
[Black "Sychev, Klementy"]
[Result "0-1"]
[BlackElo "2638"]
[WhiteElo "2390"]
[LiveChessVersion "1.4.8"]

1. Nf3 {[%clk 0:03:03]} Nf6 {[%clk 0:03:03]} 2. g3 {[%clk 0:03:04]} d5
{[%clk 0:03:04]} 3. Bg2 {[%clk 0:03:05]} g6 {[%clk 0:03:05]} 4. O-O
{[%clk 0:03:06]} Bg7 {[%clk 0:03:06]} 5. d3 {[%clk 0:03:07]} O-O {[%clk 0:03:04]}
6. Nbd2 {[%clk 0:03:08]} c5 {[%clk 0:03:06]} 7. e4 {[%clk 0:03:07]} e6
{[%clk 0:03:07]} 8. Re1 {[%clk 0:03:05]} Nc6 {[%clk 0:03:08]} 9. Qe2
{[%clk 0:03:01]} b6 {[%clk 0:03:02]} 10. Nf1 {[%clk 0:02:54]} e5 {[%clk 0:02:14]}
11. exd5 {[%clk 0:02:45]} Nxd5 {[%clk 0:02:15]} 12. Ne3 {[%clk 0:02:46]} Nxe3
{[%clk 0:02:05]} 13. Bxe3 {[%clk 0:02:46]} Be6 {[%clk 0:02:02]} 14. Ng5
{[%clk 0:02:11]} Bd5 {[%clk 0:02:03]} 15. Bxd5 {[%clk 0:02:11]} Qxd5
{[%clk 0:02:04]} 16. c3 {[%clk 0:01:47]} Rad8 {[%clk 0:02:04]} 17. Red1
{[%clk 0:01:46]} h6 {[%clk 0:02:04]} 18. Nf3 {[%clk 0:01:41]} Rfe8
{[%clk 0:02:05]} 19. Ne1 {[%clk 0:01:35]} Nd4 {[%clk 0:02:03]} 20. Qd2
{[%clk 0:01:19]} Nf5 {[%clk 0:02:04]} 21. Qe2 {[%clk 0:01:15]} h5
{[%clk 0:02:04]} 22. Bg5 {[%clk 0:01:11]} Rc8 {[%clk 0:02:00]} 23. Qe4
{[%clk 0:01:11]} Qe6 {[%clk 0:01:46]} 24. Ng2 {[%clk 0:00:54]} Nd6
{[%clk 0:01:47]} 25. Qe2 {[%clk 0:00:55]} e4 {[%clk 0:01:40]} 26. Bf4
{[%clk 0:00:54]} exd3 {[%clk 0:01:33]} 27. Qxe6 {[%clk 0:00:44]} Rxe6
{[%clk 0:01:34]} 28. Rxd3 {[%clk 0:00:45]} Nc4 {[%clk 0:01:36]} 29. Rb1
{[%clk 0:00:36]} Re2 {[%clk 0:01:34]} 30. b3 {[%clk 0:00:31]} Na3
{[%clk 0:01:33]} 31. Re1 {[%clk 0:00:22]} Rxa2 {[%clk 0:01:27]} 32. Ne3
{[%clk 0:00:23]} Re8 {[%clk 0:01:27]} 33. Red1 {[%clk 0:00:23]} Nb5
{[%clk 0:01:28]} 34. Nd5 {[%clk 0:00:25]} Rb2 {[%clk 0:01:23]} 35. b4
{[%clk 0:00:19]} c4 {[%clk 0:01:17]} 36. Rf3 {[%clk 0:00:19]} Rc2
{[%clk 0:01:08]} 37. Bd2 {[%clk 0:00:15]} Rd8 {[%clk 0:00:21]} 38. Bh6
{[%clk 0:00:16]} Kh7 {[%clk 0:00:10]} 39. Bxg7 Kxg7 {[%clk 0:00:12]} 40. Kg2
{[%clk 0:00:08]} Re2 {[%clk 0:00:12]} 41. Ne3 {[%clk 0:00:08]} Rxd1 42. Nxd1
{[%clk 0:00:09]} Rc2 {[%clk 0:00:10]} 43. Rf4 {[%clk 0:00:10]} Rc1
{[%clk 0:00:11]} 44. Ne3 {[%clk 0:00:11]} Rxc3 {[%clk 0:00:10]} 45. Nxc4
{[%clk 0:00:13]} Rb3 {[%clk 0:00:08]} 46. Ne5 {[%clk 0:00:14]} Nd6
{[%clk 0:00:09]} 47. Nc6 {[%clk 0:00:14]} a6 {[%clk 0:00:07]} 48. Rd4
{[%clk 0:00:14]} Nf5 {[%clk 0:00:06]} 49. Rd7 {[%clk 0:00:16]} Kf6
{[%clk 0:00:04]} 50. Rb7 {[%clk 0:00:15]} a5 {[%clk 0:00:04]} 51. Rxb6
{[%clk 0:00:15]} Kg7 {[%clk 0:00:03]} 52. bxa5 {[%clk 0:00:16]} Ra3
{[%clk 0:00:04]} 53. a6 {[%clk 0:00:16]} Ra2 {[%clk 0:00:05]} 54. a7
{[%clk 0:00:17]} Ne3+ {[%clk 0:00:06]} 55. Kf3 {[%clk 0:00:18]} Nd1
{[%clk 0:00:08]} 56. Rb8 {[%clk 0:00:16]} f5 {[%clk 0:00:06]} 57. a8=Q
{[%clk 0:00:16]} Rxf2# {[%clk 0:00:06]} 58. Ke4 0-1

[Event "Russian Championship (Blitz, Men)"]
[Site "Sochi"]
[Date "2018.10.07"]
[Round "13.23"]
[White "Sadovsky, Artem"]
[Black "Kobalia, Mikhail"]
[Result "0-1"]
[BlackElo "2492"]
[WhiteElo "2446"]
[LiveChessVersion "1.4.8"]

1. c4 {[%clk 0:03:02]} c6 {[%clk 0:03:04]} 2. Nf3 {[%clk 0:03:02]} d5
{[%clk 0:03:05]} 3. b3 {[%clk 0:03:03]} Bg4 {[%clk 0:03:06]} 4. Bb2
{[%clk 0:03:04]} Nd7 {[%clk 0:03:07]} 5. d3 {[%clk 0:03:01]} Ngf6
{[%clk 0:02:56]} 6. Nbd2 e6 7. h3 {[%clk 0:02:56]} Bh5 {[%clk 0:02:59]} 8. g4
{[%clk 0:02:57]} Bg6 {[%clk 0:03:00]} 9. Bg2 {[%clk 0:02:55]} Bd6
{[%clk 0:03:00]} 10. Qc2 {[%clk 0:02:41]} Qe7 {[%clk 0:03:01]} 11. a3
{[%clk 0:02:35]} O-O {[%clk 0:02:57]} 12. h4 {[%clk 0:02:28]} h5 {[%clk 0:02:50]}
13. g5 {[%clk 0:02:22]} Ng4 {[%clk 0:02:49]} 14. e4 {[%clk 0:02:08]} dxe4
{[%clk 0:02:44]} 15. Nxe4 {[%clk 0:02:07]} Bxe4 {[%clk 0:02:38]} 16. dxe4
{[%clk 0:02:08]} Nde5 {[%clk 0:02:37]} 17. Nxe5 {[%clk 0:02:02]} Bxe5
{[%clk 0:02:36]} 18. Bxe5 {[%clk 0:01:57]} Nxe5 {[%clk 0:02:37]} 19. Qc3
{[%clk 0:01:03]} Ng6 {[%clk 0:02:29]} 20. Qb4 {[%clk 0:00:43]} Qc7
{[%clk 0:02:26]} 21. O-O-O {[%clk 0:00:38]} Nf4 {[%clk 0:02:27]} 22. Bf3
{[%clk 0:00:34]} Rfd8 {[%clk 0:02:27]} 23. Qc3 {[%clk 0:00:28]} e5
{[%clk 0:02:25]} 24. Rxd8+ {[%clk 0:00:16]} Rxd8 {[%clk 0:02:26]} 25. Rd1
{[%clk 0:00:17]} Rxd1+ {[%clk 0:02:24]} 26. Bxd1 {[%clk 0:00:17]} g6
{[%clk 0:02:24]} 27. Qd2 {[%clk 0:00:13]} Ne6 {[%clk 0:02:23]} 28. Kb2
{[%clk 0:00:11]} Nd4 {[%clk 0:02:23]} 29. f4 {[%clk 0:00:11]} c5 {[%clk 0:02:21]}
30. f5 {[%clk 0:00:12]} a6 {[%clk 0:02:14]} 31. b4 {[%clk 0:00:10]} cxb4
{[%clk 0:02:13]} 32. Qxb4 {[%clk 0:00:09]} Qd7 {[%clk 0:01:59]} 33. f6
{[%clk 0:00:05]} Nc6 {[%clk 0:01:58]} 34. Ba4 {[%clk 0:00:03]} Qd4+
{[%clk 0:01:55]} 35. Qc3 {[%clk 0:00:04]} Qxe4 {[%clk 0:01:53]} 36. Bc2
{[%clk 0:00:04]} Qxh4 {[%clk 0:01:50]} 37. Ka2 {[%clk 0:00:03]} Qd4
{[%clk 0:01:50]} 38. Qb3 {[%clk 0:00:03]} b6 {[%clk 0:01:46]} 39. Ka1 0-1

[Event "Russian Championship (Blitz, Men)"]
[Site "Sochi"]
[Date "2018.10.07"]
[Round "13.26"]
[White "Gogolev, Artem"]
[Black "Khanin, Semen"]
[Result "0-1"]
[BlackElo "2545"]
[WhiteElo "2360"]
[LiveChessVersion "1.4.8"]

1. Nf3 {[%clk 0:03:02]} d5 {[%clk 0:03:03]} 2. e3 {[%clk 0:03:03]} g6
{[%clk 0:03:02]} 3. c4 {[%clk 0:03:03]} Nf6 {[%clk 0:03:00]} 4. b3
{[%clk 0:02:48]} Bg7 {[%clk 0:03:00]} 5. Bb2 {[%clk 0:02:49]} O-O
{[%clk 0:03:00]} 6. cxd5 {[%clk 0:02:44]} Qxd5 {[%clk 0:03:00]} 7. Nc3
{[%clk 0:02:43]} Qd8 {[%clk 0:02:54]} 8. d4 {[%clk 0:02:37]} c5 {[%clk 0:02:51]}
9. Be2 {[%clk 0:02:03]} cxd4 {[%clk 0:02:49]} 10. Nxd4 {[%clk 0:02:03]} a6
{[%clk 0:01:46]} 11. O-O {[%clk 0:02:00]} e5 {[%clk 0:01:47]} 12. Nf3
{[%clk 0:01:57]} Nc6 {[%clk 0:01:47]} 13. Qxd8 {[%clk 0:01:44]} Rxd8
{[%clk 0:01:47]} 14. Na4 {[%clk 0:01:34]} Bg4 {[%clk 0:01:32]} 15. Nb6
{[%clk 0:00:24]} Rab8 {[%clk 0:01:33]} 16. Rfe1 {[%clk 0:00:07]} e4
{[%clk 0:01:17]} 17. Nd4 {[%clk 0:00:08]} Nb4 {[%clk 0:01:18]} 18. Bxg4
{[%clk 0:00:05]} Nxg4 {[%clk 0:01:18]} 19. Re2 {[%clk 0:00:04]} Nd3
{[%clk 0:01:16]} 20. a4 {[%clk 0:00:03]} Nxb2 {[%clk 0:01:15]} 21. Rxb2
{[%clk 0:00:04]} Rxd4 {[%clk 0:01:15]} 22. exd4 {[%clk 0:00:04]} Bxd4
{[%clk 0:01:16]} 23. Rab1 {[%clk 0:00:05]} Bxb6 {[%clk 0:01:16]} 24. Re2
{[%clk 0:00:04]} f5 {[%clk 0:00:54]} 25. h3 {[%clk 0:00:04]} Nxf2
{[%clk 0:00:53]} 26. Rxf2 {[%clk 0:00:05]} Rd8 {[%clk 0:00:53]} 27. Rbb2
{[%clk 0:00:05]} Rd1+ {[%clk 0:00:50]} 28. Kh2 {[%clk 0:00:06]} Bxf2
{[%clk 0:00:50]} 29. Rxf2 {[%clk 0:00:07]} Kf7 {[%clk 0:00:50]} 30. Rc2
{[%clk 0:00:07]} Ke6 {[%clk 0:00:50]} 31. Kg3 {[%clk 0:00:07]} Rd3+
{[%clk 0:00:50]} 32. Kf4 {[%clk 0:00:07]} Rxb3 {[%clk 0:00:50]} 33. Rc7
{[%clk 0:00:08]} h6 {[%clk 0:00:51]} 34. h4 {[%clk 0:00:08]} Ke5+ 0-1

[Event "Russian Championship (Blitz, Men)"]
[Site "Sochi"]
[Date "2018.10.07"]
[Round "14.10"]
[White "Triapishko, Alexandr"]
[Black "Alekseev, Evgeny"]
[Result "0-1"]
[BlackElo "2629"]
[WhiteElo "2560"]
[LiveChessVersion "1.4.8"]

1. Nf3 {[%clk 0:03:03]} c5 {[%clk 0:03:03]} 2. g3 {[%clk 0:03:01]} Nc6
{[%clk 0:03:04]} 3. d4 {[%clk 0:03:00]} cxd4 {[%clk 0:03:05]} 4. Nxd4
{[%clk 0:03:01]} g6 {[%clk 0:03:03]} 5. Bg2 {[%clk 0:03:01]} Bg7 {[%clk 0:03:04]}
6. Nxc6 {[%clk 0:03:02]} bxc6 {[%clk 0:03:05]} 7. c4 {[%clk 0:02:44]} Qa5+
{[%clk 0:02:35]} 8. Bd2 {[%clk 0:02:30]} Qc5 {[%clk 0:02:30]} 9. Qb3
{[%clk 0:01:57]} Ba6 {[%clk 0:02:15]} 10. Na3 {[%clk 0:01:43]} Nf6
{[%clk 0:02:00]} 11. O-O {[%clk 0:01:34]} O-O {[%clk 0:01:55]} 12. Qa4
{[%clk 0:01:30]} Bc8 {[%clk 0:01:32]} 13. Qa5 {[%clk 0:00:44]} Qxa5
{[%clk 0:01:25]} 14. Bxa5 {[%clk 0:00:46]} Rb8 {[%clk 0:01:16]} 15. Bc3
{[%clk 0:00:45]} Ne8 {[%clk 0:01:05]} 16. Bxg7 {[%clk 0:00:44]} Nxg7
{[%clk 0:01:05]} 17. b3 {[%clk 0:00:37]} Ne6 {[%clk 0:00:59]} 18. Nc2
{[%clk 0:00:30]} Bb7 {[%clk 0:00:48]} 19. Rfd1 {[%clk 0:00:30]} d6
{[%clk 0:00:50]} 20. Rd2 {[%clk 0:00:22]} a5 {[%clk 0:00:50]} 21. Rad1
{[%clk 0:00:20]} Rfc8 {[%clk 0:00:48]} 22. e3 {[%clk 0:00:16]} Rc7
{[%clk 0:00:46]} 23. f4 {[%clk 0:00:11]} Ba8 {[%clk 0:00:45]} 24. e4
{[%clk 0:00:08]} c5 {[%clk 0:00:39]} 25. e5 {[%clk 0:00:05]} dxe5
{[%clk 0:00:36]} 26. fxe5 {[%clk 0:00:04]} Bxg2 27. Kxg2 {[%clk 0:00:05]} a4
{[%clk 0:00:35]} 28. Rd3 {[%clk 0:00:04]} axb3 {[%clk 0:00:32]} 29. axb3
{[%clk 0:00:04]} Rcb7 {[%clk 0:00:28]} 30. Rb1 {[%clk 0:00:06]} Kg7
{[%clk 0:00:22]} 31. h4 {[%clk 0:00:06]} h5 {[%clk 0:00:19]} 32. Kf3
{[%clk 0:00:06]} Kf8 {[%clk 0:00:16]} 33. Ke4 {[%clk 0:00:07]} Kg7
{[%clk 0:00:15]} 34. Kf3 {[%clk 0:00:07]} Nd8 {[%clk 0:00:14]} 35. Ke4
{[%clk 0:00:05]} Nc6 {[%clk 0:00:12]} 36. Rd5 {[%clk 0:00:04]} Na5
{[%clk 0:00:13]} 37. Rxc5 {[%clk 0:00:03]} Nxb3 38. Rd5 {[%clk 0:00:04]} Nd2+
{[%clk 0:00:12]} 39. Rxd2 {[%clk 0:00:05]} Rxb1 {[%clk 0:00:13]} 40. Nd4
{[%clk 0:00:06]} Re1+ {[%clk 0:00:14]} 41. Kd5 {[%clk 0:00:03]} Rd8+
{[%clk 0:00:13]} 42. Kc6 {[%clk 0:00:04]} Rc8+ {[%clk 0:00:12]} 43. Kd5
{[%clk 0:00:03]} e6+ {[%clk 0:00:13]} 44. Kd6 {[%clk 0:00:04]} Rxc4
{[%clk 0:00:14]} 45. Nf3 {[%clk 0:00:04]} Re3 {[%clk 0:00:08]} 46. Rf2
{[%clk 0:00:03]} Rd3+ {[%clk 0:00:08]} 47. Ke7 {[%clk 0:00:04]} Rc7+
{[%clk 0:00:09]} 48. Ke8 {[%clk 0:00:06]} Ra3 {[%clk 0:00:09]} 49. Rf1
{[%clk 0:00:05]} Ra8# {[%clk 0:00:10]} 50. Rf2 0-1